تحميل...

THE MEGHASANDESA

التفاصيل البيبلوغرافية
المؤلف الرئيسي: KALIDASA
مؤلفون آخرون: GANAPATI SASTRI T
التنسيق: Printed Book
منشور في: TRIVANDRUM GOVT. PRESS 1919
الموضوعات:
LEADER 00406nam a2200169 4500
020
082
100 |a KALIDASA 
245 |a THE MEGHASANDESA  |h SANSKRIT 
250
260 |a TRIVANDRUM  |b GOVT. PRESS  |c 1919 
300 |f HB 
650 |a THE MEGHASANDESA 
700 |a GANAPATI SASTRI T 
942 |c BK 
999 |c 161114  |d 161114 
952 |0 0  |1 0  |4 0  |7 0  |9 174571  |a ORI  |b ORI  |l 0  |p ORIS285  |r 2019-10-25  |w 2019-10-25  |y BK